Statistics for Most Important People Ever by Picture

Click here to take the quiz!

General Stats

  • This quiz has been taken 831 times
  • The average score is 38 of 100

Answer Stats

Answer% Correct
Jesus Christ
97%
Albert Einstein
94%
Adolf Hitler
91%
Buddha
88%
John F. Kennedy
87%
Mohandas Gandhi
86%
Ludwig van Beethoven
85%
Napoleon Bonaparte
85%
George Washington
84%
Julius Caesar
84%
Isaac Newton
83%
Joseph Stalin
82%
Winston Churchill
82%
Christopher Columbus
77%
Mao Zedong
77%
William Shakespeare
77%
Queen Elizabeth I
74%
Charles Darwin
73%
Vladimir Lenin
73%
Karl Marx
72%
Alexander the Great
71%
Martin Luther
70%
Genghis Khan
69%
Leonardo da Vinci
68%
Nikola Tesla
68%
Thomas Edison
66%
Aristotle
64%
Plato
63%
Confucius
61%
Muhammad
60%
Johann Sebastian Bach
58%
Augustus Caesar
57%
Mikhail Gorbachev
57%
Thomas Jefferson
57%
Sigmund Freud
56%
Galileo Galilei
55%
Wright Brothers
53%
Charlemagne
42%
Nicolaus Copernicus
40%
Moses
39%
Oliver Cromwell
37%
Henry Ford
36%
Peter the Great
35%
René Descartes
35%
Simón Bolívar
35%
Alexander Fleming
34%
Johannes Gutenberg
33%
St. Paul
33%
Michelangelo
32%
Voltaire
31%
Laozi
30%
Alexander Graham Bell
29%
Niccolò Machiavelli
29%
Homer
28%
Louis Pasteur
27%
William the Conqueror
27%
Adam Smith
23%
Constantine the Great
23%
Gregor Mendel
20%
Jean-Jacques Rousseau
20%
John Locke
20%
Justinian I
20%
Hernán Cortés
19%
Qin Shi Huang
19%
Francisco Pizarro
17%
Vasco da Gama
17%
Euclid
14%
James Watt
14%
Michael Faraday
14%
Nikolaus Otto
14%
Pope Urban II
14%
Queen Isabella I
14%
Guglielmo Marconi
13%
John Calvin
13%
Enrico Fermi
12%
Johannes Kepler
12%
Ernest Rutherford
11%
James Maxwell
11%
St. Augustine
11%
Edward Jenner
10%
Francis Bacon
10%
Leonhard Euler
10%
Max Planck
10%
Zoroaster
10%
Antoine Lavoisier
9%
Cyrus the Great
9%
Cai Lun
8%
Werner Heisenberg
8%
Antony van Leeuwenhoek
7%
John Dalton
6%
Joseph Lister
6%
Thomas Malthus
6%
Mani
5%
Wilhelm Conrad Röntgen
5%
Louis Daguerre
4%
Mencius
4%
Umar the Great
4%
William Harvey
4%
Wen of Sui
3%
William T.G. Morton
3%

Score Distribution

Percentile by Number Answered

Percent of People with Each Score

Your Score History

You have not taken this quiz